[Event "2015 NA Class D Ch - Rd 1 Sect 1, S50111"]
[Site "CCLA"]
[Date "2015.04.27"]
[Round "?"]
[White "Acebo, Brian"]
[Black "Willis, John W."]
[Result "1/2-1/2"]
[WhiteElo "1377"]
[BlackElo "1339"]

1. d4 Nf6 2. c4 c5 3. Nf3 cxd4 4. Nxd4 e5 5. Nc2 d5 6. e3 Nc6 7. cxd5 Qxd5
8. Qxd5 Nxd5 9. Bc4 Bb4+ 10. Bd2 Nb6 11. Bxf7+ Kxf7 12. Nxb4 Rd8 13. Nxc6 
bxc6 14. O-O Ba6 15. Rd1 Nc4 16. b3 Nb2 17. Rc1 Rac8 18. Bc3 Nd3 19. Rd1 
Nb2 20. Rxd8 Rxd8 21. h3 Nd3 22. Na3 e4 23. Rd1 Bc8 24. Nc4 Rd5 25. Rd2 h6
26. Kf1 g5 27. g4 Kg6 28. Kg2 h5 29. Kg3 h4+ 30. Kg2 Ne1+ 31. Kf1 Nf3 32. 
Rxd5 cxd5 33. Nd6 Ba6+ 34. Kg2 Bd3 35. a3 a6 36. b4 Bc2 37. Nf5 Kf7 38. 
Nd4 Ba4 39. Nxf3 exf3+ 40. Kxf3 Kg6 41. Ke2 Bb5+ 42. Ke1 Kf7 43. f4 Kg6 
44. f5+ Kf7 45. Kf2 Ba4 46. Kf3 Bb5 47. Kf2 Ba4 1/2-1/2

[Event "2015 Server Team Champ - Div 4, S54999"]
[Site "CCLA"]
[Date "2015.10.28"]
[Round "?"]
[White "Fisher Jr., Arthur"]
[Black "Rodman, Joseph"]
[Result "0-1"]
[WhiteElo "1691"]
[BlackElo "1720"]
[Board "1"]
[WhiteTeam "Norsemen"]
[BlackTeam "Pawntastics"]

1. c4 c5 2. Nf3 Nc6 3. d4 cxd4 4. Nxd4 Nf6 5. Nc3 e5 6. Nf5 d6 7. Ne3 Be7 
8. g3 O-O 9. Bg2 Nd4 10. O-O Rb8 11. Ncd5 b5 12. Nxe7+ Qxe7 13. Nd5 Nxd5 
14. cxd5 b4 15. Be3 Nf5 16. Qd3 Nxe3 17. Qxe3 f5 18. b3 f4 19. gxf4 Rxf4 
20. Bh3 Bxh3 21. Qxh3 Re8 22. Kh1 Qf7 23. f3 Qxd5 24. Qd7 Qe6 25. Qxa7 Rh4
26. Qf2 Qh6 27. Rg1 Rf8 28. Rac1 Qf4 29. Qg3 Qxg3 30. Rxg3 Rhf4 31. Kg2 e4
32. Rc4 exf3+ 33. Rxf3 Rxc4 34. Rxf8+ Kxf8 35. bxc4 Ke7 36. Kf3 Kd7 37. 
Ke4 Kc6 38. Kf5 Kc5 39. Ke6 g5 40. e4 g4 41. Kf5 Kxc4 42. Kxg4 Kc3 43. Kf5
Kb2 44. Ke6 Kxa2 45. Kxd6 b3 46. e5 b2 47. e6 b1=Q 48. e7 Qd3+ 49. Ke6 
Qe4+ 50. Kd7 Qd5+ 51. Ke8 Qe6 52. Kd8 Qd6+ 53. Ke8 Qxh2 54. Kd7 Qd2+ 55. 
Ke6 Qe3+ 56. Kf7 Qf4+ 57. Ke6 Qe4+ 58. Kd7 h5 59. e8=Q Qxe8+ 60. Kxe8 h4 
0-1

[Event "PREMIER QUAD, S50209"]
[Site "CCLA"]
[Date "2015.05.01"]
[Round "?"]
[White "Pronovost, David"]
[Black "Silverman, Robert"]
[Result "0-1"]
[WhiteElo "1865"]
[BlackElo "1888"]

1. c4 c5 2. Nc3 Nf6 3. Nf3 Nc6 4. d4 cxd4 5. Nxd4 e5 6. Ndb5 Qb6 7. Be3 
Qa5 8. a3 d6 9. b4 Qd8 10. Nd5 Nxd5 11. cxd5 a6 12. Qa4 Bd7 13. Nxd6+ Bxd6
14. dxc6 Bxc6 15. Qc2 O-O 16. Rd1 Qf6 17. Bc5 Bxc5 18. Qxc5 Rac8 19. Qe3 
Ba4 20. Rc1 e4 21. b5 Rfd8 22. Rxc8 Rxc8 23. f3 exf3 24. exf3 Qb2 25. Bc4 
Qa1+ 26. Kf2 Qxh1 27. Qc3 Re8 28. bxa6 bxa6 29. Bxa6 Qxh2 30. Qd4 Qe5 31. 
Qxe5 Rxe5 32. Bb7 Rc5 33. Be4 Rc3 34. Kg3 Rxa3 35. Kf4 g6 0-1

[Event "2015 Server Team Ch - Div 2"]
[Site "CCLA"]
[Date "2015.10.30"]
[Round "?"]
[White "Ellis, James R."]
[Black "Bedard, Eugene"]
[Result "1-0"]
[WhiteElo "2085"]
[BlackElo "1651"]
[Board "2"]
[WhiteTeam "Chairmen of the Board"]
[BlackTeam "SchemingMind C"]

1. d4 Nf6 2. c4 e6 3. g3 c5 4. Nf3 cxd4 5. Nxd4 d5 6. Bg2 e5 7. Nf3 d4 8. 
O-O Nc6 9. e3 Be7 10. exd4 exd4 11. a3 a5 12. Bf4 Be6 13. Nbd2 O-O 14. Ne5
Nxe5 15. Bxe5 Qb6 16. Nf3 Rfd8 17. Bxd4 Bc5 18. Bxc5 Qxc5 19. Qa4 Bxc4 20.
 Rac1 b5 21. Qc2 Qh5 22. Rfd1 Rxd1+ 23. Qxd1 Re8 24. Qd4 h6 25. Nd2 Be6 
26. Nf1 Bd7 27. Ne3 Qe2 28. Bf1 Qh5 29. Rc5 Qf3 30. Rc7 Be6 31. Bxb5 Rb8 
32. Bf1 Ng4 33. Ng2 Qf5 34. Rc5 Qf6 35. Qxf6 gxf6 36. Rb5 Rc8 37. Nf4 Rc1 
38. Nxe6 fxe6 39. Rxa5 Nxh2 40. Kxh2 Rxf1 41. Kg2 Rd1 42. b4 Rb1 43. b5 
Kf7 44. a4 e5 45. Ra6 Ke7 46. b6 Kd7 47. a5 Rb2 48. Ra7+ Kc6 49. Rf7 Kb5 
50. Rxf6 Kxa5 51. Rxh6 e4 52. Re6 e3 53. Rxe3 Kxb6 54. Rc3 Rb4 55. f4 Rd4 
56. f5 Rd6 57. g4 1-0

[Event "2015 Server Team Ch - Div 2"]
[Site "CCLA"]
[Date "2015.10.30"]
[Round "?"]
[White "Ellis, James R."]
[Black "Thomas, Gerald K."]
[Result "1/2-1/2"]
[WhiteElo "2085"]
[BlackElo "1974"]
[Board "2"]
[WhiteTeam "Chairmen of the Board"]
[BlackTeam "Big Red Fuzzy"]

1. d4 Nf6 2. c4 c5 3. Nf3 e6 4. g3 cxd4 5. Nxd4 Qb6 6. Bg2 Bc5 7. e3 Nc6 
8. Nxc6 bxc6 9. O-O O-O 10. b3 d5 11. Bb2 Be7 12. Nd2 Rd8 13. Qc2 Bb7 14. 
Rfd1 c5 15. cxd5 exd5 16. Rac1 Rac8 17. Nf3 Ne4 18. Ne5 Qe6 19. Nd3 f5 20.
 Nf4 Qf7 21. Qe2 a6 22. Rc2 c4 23. bxc4 dxc4 24. Rxd8+ Bxd8 25. Qe1 Ng5 
26. Qd1 Ba5 27. h4 Ne4 28. Bd4 c3 29. Ne2 Qd5 30. Nf4 Qf7 31. Ne2 1/2-1/2

[Event "Winter Series, S50021"]
[Site "CCLA"]
[Date "2015.01.28"]
[Round "?"]
[White "Shannon, Paul D."]
[Black "Ramsden, Jim E."]
[Result "1-0"]
[WhiteElo "1815"]
[BlackElo "1819"]

1. d4 Nf6 2. c4 e6 3. g3 c5 4. Nf3 cxd4 5. Nxd4 d5 6. Bg2 e5 7. Nf3 d4 8. 
O-O Nc6 9. e3 Be7 10. exd4 exd4 11. Bf4 Be6 12. Nbd2 O-O 13. Ne5 Nxe5 14. 
Bxe5 Qd7 15. b3 Ng4 16. Nf3 d3 17. Bc3 Bf5 18. Qd2 Bf6 19. h3 Bxc3 20. 
Qxc3 Nf6 21. Ne5 Qd6 22. Rad1 Rad8 23. Kh2 Rfe8 24. f4 Be4 25. Bxe4 Nxe4 
26. Qxd3 Qxd3 27. Rxd3 Rxd3 28. Nxd3 Nc3 29. Rf2 Re3 30. Nb4 Ne4 31. Rg2 
f6 32. Nd5 Rd3 33. g4 Kf7 34. Re2 Nc3 35. Re7+ Kf8 36. Rxb7 Rd2+ 37. Kg3 
Ne2+ 38. Kf3 Ng1+ 39. Ke4 Rxa2 40. c5 1-0

[Event "2015 Regular Quad, S50039"]
[Site "CCLA"]
[Date "2015.02.02"]
[Round "?"]
[White "Tarrant, Johnny L."]
[Black "Metz, Edward"]
[Result "0-1"]
[WhiteElo "1154"]
[BlackElo "1397"]

1. d4 Nf6 2. c4 c5 3. Nf3 e6 4. Bg5 Nc6 5. Nc3 cxd4 6. Nxd4 Be7 7. e4 Qb6 
8. Rb1 Nxd4 9. Na4 Qa5+ 10. Nc3 Qxg5 11. Qxd4 b6 12. Nb5 Bb4+ 13. Kd1 O-O 
14. e5 Ne4 15. Qxe4 Qd2# 0-1

[Event "2015 Regular Quad, S50039"]
[Site "CCLA"]
[Date "2015.02.02"]
[Round "?"]
[White "Pronovost, David"]
[Black "Tarrant, Johnny L."]
[Result "1-0"]
[WhiteElo "1731"]
[BlackElo "1154"]

1. c4 b6 2. Nc3 c5 3. Nf3 e6 4. e4 Nc6 5. Be2 Bb7 6. O-O Bd6 7. b3 Nf6 8. 
Bb2 O-O 9. Re1 Nd4 10. e5 Bc7 11. exf6 Qxf6 12. Nxd4 cxd4 13. Nb5 Be5 14. 
Bd3 d5 15. Qh5 dxc4 16. Qxh7# 1-0

[Event "Winter Series, S50051"]
[Site "CCLA"]
[Date "2015.01.28"]
[Round "?"]
[White "Howard, Christopher"]
[Black "Sanchez, David A."]
[Result "1/2-1/2"]
[WhiteElo "1520"]
[BlackElo "1449"]

1. c4 c5 2. Nf3 Nf6 3. Nc3 d5 4. cxd5 Nxd5 5. Qb3 Nxc3 6. dxc3 e6 7. Bg5 
Be7 8. Rd1 Nd7 9. Bf4 Qb6 10. g3 Qxb3 11. axb3 Nf6 12. Bg2 Nd5 13. Bc1 Bd7
14. Ne5 Rd8 15. Bxd5 exd5 16. Rxd5 Be6 17. Rxd8+ Kxd8 1/2-1/2

[Event "Premier Quad, S50439"]
[Site "CCLA"]
[Date "2015.11.11"]
[Round "?"]
[White "Stevens, Daniel L."]
[Black "Vecchio, Ralph"]
[Result "0-1"]
[WhiteElo "1779"]
[BlackElo "1845"]

1. c4 c5 2. g3 Nf6 3. Bg2 d5 4. cxd5 Nxd5 5. Nc3 Nxc3 6. bxc3 Nc6 7. Nf3 
e5 8. O-O Bd6 9. a4 e4 10. Ne1 Bf5 11. a5 Nxa5 12. Qa4+ Nc6 13. Bxe4 Bxe4 
14. Qxe4+ Qe7 15. Qg4 g6 16. f4 h5 17. Qf3 h4 18. e3 O-O-O 19. d4 Qf6 20. 
g4 cxd4 21. e4 dxc3 22. Be3 Nd4 23. Qf2 Bc5 24. Rb1 Rhe8 25. e5 Qe6 26. 
Nd3 Qxg4+ 27. Kh1 c2 28. Nxc5 cxb1=Q 29. Rxb1 Nb5 30. Bd2 h3 31. Ne4 Rd4 
32. Rg1 Qf5 33. Rc1+ Kb8 34. Nc5 Red8 35. Qf3 Qc8 36. Na6+ bxa6 37. Rxc8+ 
Rxc8 38. Be3 Rc3 39. Qxh3 Rdd3 40. Qh8+ Rc8 41. Qh3 Rc1+ 0-1

[Event "Winter Series, S50021"]
[Site "CCLA"]
[Date "2015.01.28"]
[Round "?"]
[White "Miktarian, Harry J."]
[Black "Shannon, Paul D."]
[Result "1-0"]
[WhiteElo "1817"]
[BlackElo "1815"]

1. c4 c5 2. Nf3 Nf6 3. Nc3 e6 4. g3 b6 5. e4 Bb7 6. d3 d6 7. Bg2 Be7 8. 
O-O O-O 9. b3 Nc6 10. Bb2 a6 11. d4 cxd4 12. Nxd4 Qc7 13. Rc1 Rfd8 14. Nd5
exd5 15. cxd5 Rac8 16. dxc6 Ba8 17. Bh3 Rb8 18. Nf5 Re8 19. Re1 Rbd8 20. 
Qd2 Bf8 21. Qg5 Nxe4 22. Nh6+ Kh8 23. Qd5 Nf6 24. Nxf7+ Kg8 25. Nh6+ Kh8 
26. Bxf6 1-0

[Event "Summer Series, S50291"]
[Site "CCLA"]
[Date "2015.07.25"]
[Round "?"]
[White "Vaughan, James"]
[Black "Bapple, Edward C."]
[Result "1-0"]
[WhiteElo "2259"]
[BlackElo "1908"]

1. c4 c5 2. Nc3 Nc6 3. e3 Nf6 4. d4 cxd4 5. exd4 e6 6. d5 exd5 7. cxd5 Ne5
8. d6 Qa5 9. f4 Nc6 10. Nf3 h6 11. Qe2+ Kd8 12. Ne5 Nxe5 13. fxe5 Nd5 14. 
Bd2 Nxc3 15. Bxc3 Qc5 16. Qf3 Bxd6 17. exd6 Qxd6 18. Bxg7 Qe6+ 19. Be2 Re8
20. O-O 1-0

[Event "2015 NA Server Ch (CCLA Rules), S50169"]
[Site "CCLA"]
[Date "2015.04.27"]
[Round "?"]
[White "Vaughan, James"]
[Black "Lewis, James W."]
[Result "1-0"]
[WhiteElo "2268"]
[BlackElo "1993"]

1. c4 c5 2. Nf3 Nf6 3. Nc3 Nc6 4. e3 e5 5. d4 cxd4 6. exd4 e4 7. Nd2 Bb4 
8. a3 Bxc3 9. bxc3 O-O 10. Be2 b6 11. O-O Ba6 12. f3 e3 13. Ne4 Na5 14. c5
Bxe2 15. Qxe2 Re8 16. Bxe3 bxc5 17. dxc5 Nxe4 18. fxe4 Rxe4 19. Qd3 Qe7 
20. Bf2 Rd8 21. Rab1 Re6 22. Qd5 Nc6 23. Bg3 h6 24. h3 Re3 25. Rbe1 Rxe1 
26. Rxe1 Qf6 27. Kh2 Kh7 28. Bc7 Rg8 29. c4 Qf2 30. Re4 f6 31. Bg3 Qc2 32.
 Re1 Rd8 33. Bc7 Rg8 34. Qxd7 Qf2 35. Qd3+ Kh8 36. Re6 Qxc5 37. Qd5 Qxd5 
38. cxd5 Ne5 39. Rxe5 fxe5 40. d6 e4 41. Kg1 e3 42. d7 1-0

[Event "Winter Series, S50011"]
[Site "CCLA"]
[Date "2015.01.28"]
[Round "?"]
[White "Quirk, Michael"]
[Black "Sereni, Vincent T."]
[Result "1-0"]
[WhiteElo "2159"]
[BlackElo "2117"]

1. Nf3 Nf6 2. g3 c5 3. c4 Nc6 4. Nc3 e5 5. Bg2 d6 6. O-O Be7 7. a3 O-O 8. 
Ne1 Be6 9. Nd5 e4 10. d3 Nxd5 11. cxd5 Bxd5 12. dxe4 Bc4 13. Nc2 Bb3 14. 
Qd3 c4 15. Qd2 Bf6 16. Ne3 Re8 17. Nd5 Rc8 18. Qf4 Bd4 19. Qg4 Ne5 20. Qf5
g6 21. Qf4 Nc6 22. Qg4 h5 23. Qf4 Bg7 24. Nc3 Nd4 25. Be3 Ne6 26. Qf3 Nc5 
27. g4 Re5 28. Bf4 hxg4 29. Qxg4 Rh5 30. Bg3 Na4 31. Rac1 Rcc5 32. f4 Bd4+
33. Kh1 Rh7 34. e5 dxe5 35. f5 Qd7 36. Qg5 Bxc3 37. fxg6 fxg6 38. Bh3 Qc6+
39. e4 Qxe4+ 40. Bg2 Qd3 41. Rf3 Qd7 42. Bh3 Bc2 43. Bxd7 Rxd7 44. Rxc2 
Rc6 45. Rcf2 e4 46. Rf8+ Kg7 47. Be5+ Bxe5 48. Qxe5+ Kh6 49. Rh8+ 1-0

[Event "Premier Quad, S50029"]
[Site "CCLA"]
[Date "2015.02.02"]
[Round "?"]
[White "Shannon, Paul D."]
[Black "Sereni, Vincent T."]
[Result "0-1"]
[WhiteElo "1815"]
[BlackElo "2117"]

1. Nf3 Nf6 2. c4 c5 3. Nc3 Nc6 4. g3 e5 5. d3 Be7 6. Bg2 O-O 7. O-O d6 8. 
Bd2 h6 9. a3 Re8 10. Rb1 a5 11. b3 Be6 12. e4 Bd7 13. h3 Nd4 14. Nxd4 cxd4
15. Ne2 a4 16. b4 b5 17. Qc2 Rc8 18. Rfc1 Be6 19. Kh2 bxc4 20. Qxa4 cxd3 
21. Ng1 Ra8 22. Qd1 Rxa3 23. b5 Qa8 24. Bb4 Ra2 25. f3 d5 26. Bxe7 Rxe7 
27. exd5 Nxd5 28. Qxd3 Ne3 29. Ne2 Bf5 0-1

[Event "Summer Series, S50301"]
[Site "CCLA"]
[Date "2015.07.25"]
[Round "?"]
[White "Shannon, Paul D."]
[Black "Avery, Bryce"]
[Result "0-1"]
[WhiteElo "1865"]
[BlackElo "1657"]

1. Nf3 Nf6 2. c4 c5 3. Nc3 Nc6 4. g3 d5 5. cxd5 Nxd5 6. Bg2 Nc7 7. O-O e5 
8. d3 Be7 9. Nd2 O-O 10. Nc4 f6 11. f4 exf4 12. Bxf4 Be6 13. Nd2 Qd4+ 14. 
Kh1 Nd5 15. Nf3 Qb4 16. Nxd5 Bxd5 17. Qd2 Qxd2 18. Bxd2 Rad8 19. Bc3 Rfe8 
20. e4 Bf7 21. Ne1 Ne5 22. Bxe5 fxe5 23. Rf5 Bf6 24. Bf1 c4 25. dxc4 Rd2 
26. Rf3 Rxb2 27. Rb3 Rxb3 28. axb3 a6 29. Nd3 Bg6 30. Bg2 Bd8 31. Nc5 Re7 
32. b4 Bf7 33. Bf1 Bb6 34. Na4 Bd4 35. Rb1 Kf8 36. Kg2 Be8 37. Nb2 Bc6 38.
 Bd3 Rd7 39. Bc2 Bxb2 40. Rxb2 Rd2+ 41. Kf3 Ba4 0-1

[Event "Winter Series, S50011"]
[Site "CCLA"]
[Date "2015.01.28"]
[Round "?"]
[White "Quirk, Michael"]
[Black "Jones, Jan"]
[Result "0-1"]
[WhiteElo "2159"]
[BlackElo "2228"]

1. Nf3 c5 2. c4 Nc6 3. Nc3 Nf6 4. g3 d5 5. cxd5 Nxd5 6. Bg2 Nc7 7. O-O e5 
8. a3 Rb8 9. Rb1 Bd6 10. d3 O-O 11. Nd2 Bf5 12. Nc4 Ne6 13. b3 Qd7 14. 
Nxd6 Qxd6 15. Bb2 f6 16. f4 exf4 17. gxf4 Bg4 18. Ne4 Qe7 19. h3 Bh5 20. 
Qe1 Rbd8 21. Ng3 Be8 22. Qf2 a5 23. Nf5 Qc7 24. Be4 Bg6 25. e3 Ne7 26. 
Nxe7+ Qxe7 27. f5 Ng5 28. Bg2 Be8 29. Rfd1 a4 30. h4 Nf7 31. b4 Bb5 32. 
bxc5 Bxd3 33. Bd4 Bxb1 34. Rxb1 Rd7 35. Qc2 Ra8 36. h5 Ne5 37. h6 Rad8 38.
 Qxa4 gxh6 39. Qc2 Kh8 40. Qe4 Rg8 41. Rb6 Rg4 42. Re6 Qd8 43. Bxe5 Rxe4 
44. Bxf6+ Qxf6 45. Rxf6 Rxe3 46. a4 Rd2 47. Rd6 Rc2 48. f6 Rg3 49. Rd8+ 
Rg8 50. Rxg8+ Kxg8 51. Bd5+ Kf8 52. Bxb7 Rxc5 53. Ba6 Kf7 54. Kg2 Kxf6 0-1

[Event "2015 REGULAR QUAD, S50109"]
[Site "CCLA"]
[Date "2015.03.13"]
[Round "?"]
[White "Calugaru, Paul C."]
[Black "Luna, Joseph"]
[Result "1-0"]
[WhiteElo "1711"]
[BlackElo "1510"]

1. c4 c5 2. Nc3 Nc6 3. g3 e5 4. Bg2 Nf6 5. a3 Be7 6. e3 O-O 7. Nge2 d6 8. 
Nd5 Nxd5 9. cxd5 Na5 10. b4 cxb4 11. axb4 Nc4 12. Qb3 b5 13. Nc3 Rb8 14. 
Rxa7 Bd7 15. d3 Nb6 16. O-O Ra8 17. Ra5 Na4 18. Rxa8 Qxa8 19. Bd2 Rc8 20. 
Ra1 g6 21. Ne2 1-0

[Event "2015 Server Team Ch - Div 2"]
[Site "CCLA"]
[Date "2015.10.30"]
[Round "?"]
[White "Disque, Philip"]
[Black "Carter, Maurice H."]
[Result "0-1"]
[WhiteElo "1668"]
[BlackElo "1968"]
[Board "5"]
[WhiteTeam "Big Red Fuzzy"]
[BlackTeam "Chairmen of the Board"]

1. Nf3 c5 2. c4 Nf6 3. Nc3 Nc6 4. g3 e6 5. Bg2 Be7 6. d4 cxd4 7. Nxd4 O-O 
8. O-O Qa5 9. Bf4 e5 10. Nxc6 dxc6 11. Bd2 Qc7 12. Qc2 Be6 13. Ne4 Rad8 
14. Rfd1 Nxe4 15. Bxe4 g6 16. Bh6 Rxd1+ 17. Rxd1 Rd8 18. b3 Rxd1+ 19. Qxd1
Bc5 20. e3 f6 21. h4 Kf7 22. Qc2 Bg4 23. Qd2 Qd7 24. Qxd7+ Bxd7 25. Bf3 
Bh3 26. g4 f5 27. gxf5 gxf5 28. Bh5+ Ke6 29. Be2 Kf6 30. Bg5+ Kg6 31. Bd8 
Bg4 32. Bxg4 fxg4 33. Bc7 Kf5 34. Kg2 h5 35. Bb8 a6 36. Kg3 Bb4 37. Bc7 
Ke4 38. a4 Be7 39. Bb8 Bf6 40. Bd6 Kd3 41. f4 gxf3 42. Kxf3 e4+ 43. Kg3 
Kxe3 44. Bf4+ Kd3 45. Bg5 Bxg5 46. hxg5 e3 0-1

[Event "2015  Server Team - Div 3, S53999"]
[Site "CCLA"]
[Date "2015.10.30"]
[Round "?"]
[White "Vaughan, James"]
[Black "Weiss, Lester P."]
[Result "1-0"]
[WhiteElo "2259"]
[BlackElo "2103"]
[Board "1"]
[WhiteTeam "Knights of the Square Table"]
[BlackTeam "Canadian Snowbirds"]

1. c4 c5 2. Nc3 Nc6 3. g3 g6 4. Bg2 Bg7 5. e3 e5 6. d3 Nge7 7. a3 O-O 8. 
Rb1 d6 9. b3 Be6 10. Nf3 h6 11. O-O d5 12. Qc2 Rc8 13. Rd1 b6 14. b4 d4 
15. Na4 dxe3 16. Bxe3 Nd4 17. Nxd4 cxd4 18. Bd2 Bd5 19. Bxd5 Nxd5 20. Re1 
Nc7 21. Nb2 Ne6 22. Qa4 Rc7 23. Qb5 Qe8 24. Qxe8 Rxe8 25. a4 Kh7 26. f3 f5
27. Kg2 g5 28. h3 Kg6 29. c5 bxc5 30. b5 c4 31. Nxc4 Nc5 32. Ba5 Rce7 33. 
Nb2 e4 34. fxe4 fxe4 35. Bb4 Re5 36. Nc4 Nxd3 37. Nxe5+ Rxe5 38. Re2 Re8 
39. Bd6 e3 40. a5 Kf5 41. b6 axb6 42. axb6 Ke6 43. Bc7 Kd7 44. g4 Be5 45. 
Bxe5 Nxe5 46. b7 1-0

[Event "Premier Quad, S50289"]
[Site "CCLA"]
[Date "2015.07.20"]
[Round "?"]
[White "Stevens, Daniel L."]
[Black "Disque, Philip"]
[Result "1-0"]
[WhiteElo "1779"]
[BlackElo "1614"]

1. c4 c5 2. Nf3 g6 3. Nc3 Bg7 4. g3 Nc6 5. Bg2 e5 6. O-O d6 7. d3 Nge7 8. 
Bg5 O-O 9. Qc1 Re8 10. Nd5 Rf8 11. Nf6+ Kh8 12. h4 Bf5 13. h5 Qc7 14. h6 
Bxf6 15. Bxf6+ Kg8 16. Bg7 Rfe8 17. e4 Bg4 18. Nh2 Bd7 19. Qg5 f5 20. Bxe5
Rf8 21. Bf6 Rf7 22. exf5 Bxf5 23. Rfe1 Kf8 24. g4 Bxd3 25. Re3 Bxc4 26. b3
Bb5 27. a4 Ba6 28. Rae1 Re8 29. Bg7+ Kg8 30. Bd5 Qd7 31. Bxf7+ Kxf7 32. 
Qf6+ 1-0

[Event "PREMIER QUAD, S50209"]
[Site "CCLA"]
[Date "2015.05.01"]
[Round "?"]
[White "Pronovost, David"]
[Black "Disque, Philip"]
[Result "1-0"]
[WhiteElo "1865"]
[BlackElo "1603"]

1. c4 c5 2. Nc3 g6 3. g3 Bg7 4. Nf3 Nc6 5. Bg2 d6 6. O-O e5 7. d3 Nge7 8. 
a3 O-O 9. Rb1 a5 10. Ne1 Be6 11. Nc2 d5 12. Nb5 Qd7 13. f4 dxc4 14. dxc4 
Qxd1 15. Rxd1 Bxc4 16. Nc3 Rfd8 17. Be3 Bb3 18. Rxd8+ Rxd8 19. Na1 Bd5 20.
 Bxc5 Bxg2 21. Kxg2 exf4 22. gxf4 Nd5 23. Nxd5 Rxd5 24. Be3 Rb5 25. b4 
axb4 26. Nc2 Bc3 27. axb4 Rd5 28. Rb3 Bd2 29. Kf3 Bxe3 30. Kxe3 Rh5 31. 
Rd3 Rxh2 32. Rd7 Rh3+ 33. Kd2 b5 34. Rc7 Nxb4 35. Nxb4 Rb3 36. Nd3 h5 37. 
Ne5 h4 38. Nxf7 h3 39. Ng5 h2 40. Rh7 Rb2+ 41. Ke3 b4 42. Rxh2 Rc2 43. Rh6
b3 44. Rxg6+ Kf8 45. Rb6 1-0

[Event "Premier Quad, S50399"]
[Site "CCLA"]
[Date "2015.10.03"]
[Round "?"]
[White "Beavan, Robert"]
[Black "Shannon, Paul D."]
[Result "1/2-1/2"]
[WhiteElo "1971"]
[BlackElo "1865"]

1. c4 Nf6 2. g3 g6 3. Bg2 Bg7 4. Nc3 O-O 5. d3 c5 6. Nf3 Nc6 7. O-O d5 8. 
cxd5 Nxd5 9. Nxd5 Qxd5 10. Ng5 Qd8 11. Ne4 Qb6 12. Rb1 Be6 13. b3 Bd5 14. 
Bb2 e5 15. Ba3 Nb4 16. Rc1 Rac8 17. Bxb4 Qxb4 18. Nf6+ Bxf6 19. Bxd5 b5 
20. Rc2 Rfd8 21. e4 Qd4 22. Qd2 a5 23. Qxa5 b4 24. Qa7 Rf8 25. Rd1 h5 26. 
Rc4 Qb2 27. Rxc5 Rxc5 28. Qxc5 Qxa2 29. Qxb4 Qe2 30. Qd2 Qf3 31. h4 Bd8 
32. Rf1 Bb6 33. Qg5 Bd4 34. Qxg6+ Kh8 35. Qh6+ Kg8 36. Qg5+ Kh8 37. Kh2 
Bxf2 38. Kh3 Kh7 39. Qf5+ Qxf5+ 40. exf5 Bd4 41. Kg2 f6 42. Kf3 Rc8 43. 
Bc4 Ra8 44. Ke4 Rb8 45. Bf7 Kg7 46. Bxh5 Rxb3 47. Rc1 Rb7 48. Bg6 Ra7 49. 
h5 Bf2 50. Kf3 Bd4 51. g4 1/2-1/2

[Event "2015 REGULAR QUAD, S50089"]
[Site "CCLA"]
[Date "2015.03.06"]
[Round "?"]
[White "Smith, Dan W."]
[Black "Catania, Duane"]
[Result "0-1"]
[WhiteElo "1430"]
[BlackElo "1642"]

1. d4 e6 2. c4 b6 3. Nf3 Bb7 4. e3 f5 5. Be2 Nf6 6. O-O Be7 7. Nc3 O-O 8. 
b3 Qe8 9. Bb2 Qg6 10. h3 d6 11. d5 e5 12. e4 Nxe4 13. Nh4 Bxh4 14. Bh5 Qf6
15. Nxe4 fxe4 16. g3 Bg5 17. Qe2 Na6 18. Qxe4 Nc5 19. Qc2 Qe7 20. h4 Bf6 
21. Bf3 Bxh4 22. gxh4 Rxf3 23. Kg2 Raf8 24. Rae1 Qxh4 0-1

[Event "Summer Series, S50311"]
[Site "CCLA"]
[Date "2015.07.25"]
[Round "?"]
[White "Greco, Tom"]
[Black "Catania, Duane"]
[Result "0-1"]
[WhiteElo "1641"]
[BlackElo "1642"]

1. d4 e6 2. c4 b6 3. a3 Bb7 4. Nc3 g6 5. e4 Bg7 6. Nf3 Ne7 7. Bd3 O-O 8. 
O-O d6 9. Bf4 Nd7 10. Qd2 Re8 11. Rfe1 a6 12. Qe3 e5 13. dxe5 Nxe5 14. Be2
c6 15. Rad1 Qc7 16. Ng5 Rad8 17. b3 h6 18. Nf3 Kh7 19. Nxe5 dxe5 20. Bg3 
f5 21. exf5 Nxf5 22. Qc1 Nxg3 23. hxg3 e4 24. Rxd8 Qxd8 25. Bf1 c5 26. Rd1
Bd4 27. Ne2 Qf6 28. Nxd4 cxd4 29. Qf4 Qxf4 30. gxf4 Rd8 31. g3 Kg7 32. Bh3
Kf6 33. Kf1 Ke7 34. Ke2 Kf6 35. Kd2 h5 36. b4 Bc8 37. Kc2 Bxh3 0-1

[Event "Summer Series, S50311"]
[Site "CCLA"]
[Date "2015.07.25"]
[Round "?"]
[White "Blankenship, Jerry T."]
[Black "Catania, Duane"]
[Result "0-1"]
[WhiteElo "1527"]
[BlackElo "1642"]

1. d4 e6 2. c4 b6 3. a3 Bb7 4. Nc3 g6 5. e4 Bg7 6. Nf3 Ne7 7. Bd3 O-O 8. 
O-O f5 9. Re1 fxe4 10. Nxe4 Nf5 11. Bb1 Nc6 12. d5 Na5 13. Ba2 exd5 14. 
cxd5 d6 15. Neg5 Bc8 16. Rb1 Bf6 17. b4 Nb7 18. Ne6 Bxe6 19. dxe6 Qe7 20. 
g4 Ng7 21. Nd4 Bxd4 22. Qxd4 Rae8 0-1

[Event "2015 Server Team Ch - Div 2"]
[Site "CCLA"]
[Date "2015.10.30"]
[Round "?"]
[White "Marconi, Ralph P."]
[Black "Catania, Duane"]
[Result "1-0"]
[WhiteElo "1964"]
[BlackElo "1720"]
[Board "4"]
[WhiteTeam "Chairmen of the Board"]
[BlackTeam "Big Red Fuzzy"]

1. d4 e6 2. c4 b6 3. a3 Bb7 4. Nc3 f5 5. Nf3 Nf6 6. g3 Be7 7. Bg2 O-O 8. 
O-O Qe8 9. Bf4 Bd8 10. Qc2 Qh5 11. d5 exd5 12. cxd5 d6 13. Nd4 Bc8 14. 
Ncb5 g5 15. Bxd6 Re8 16. Bxc7 Bb7 17. Nd6 1-0

[Event "Summer Series, S50321"]
[Site "CCLA"]
[Date "2015.07.25"]
[Round "?"]
[White "Wright, John"]
[Black "Catania, Duane"]
[Result "0-1"]
[WhiteElo "1642"]
[BlackElo "1642"]

1. d4 e6 2. c4 b6 3. a3 Bb7 4. Nc3 g6 5. e4 Bg7 6. Nf3 Ne7 7. Bd3 O-O 8. 
d5 exd5 9. exd5 d6 10. Qc2 Nd7 11. h4 Nc5 12. h5 Nxd3+ 13. Qxd3 Nf5 14. 
hxg6 Re8+ 15. Ne4 fxg6 16. Bg5 Qd7 17. O-O-O Rf8 18. g4 Ne7 19. Bh6 Qxg4 
20. Nfg5 Bxh6 21. Rxh6 Rf5 22. Rdh1 Qf4+ 23. Kb1 Rxg5 24. Nxg5 Qxg5 25. 
Ka1 Nxd5 26. cxd5 Bxd5 27. f3 Qf5 28. Qxf5 gxf5 29. Rxh7 Bxf3 30. Rh8+ Kg7
31. R1h7+ Kg6 32. Rxa8 Bxa8 33. Rxc7 Be4 34. Rxa7 f4 35. Re7 Kf5 36. b3 f3
37. Rf7+ Kg4 38. Kb2 Kg3 39. Rg7+ Kh2 40. Kc3 f2 41. Rf7 Kg1 42. Kd4 Bg2 
43. a4 f1=Q 44. Rxf1+ Kxf1 45. b4 Ke2 46. a5 bxa5 47. bxa5 Kd2 48. a6 Ba8 
49. Kc4 Ke3 50. Kb5 d5 51. Kb6 d4 0-1

[Event "Premier Quad, S50249"]
[Site "CCLA"]
[Date "2015.05.29"]
[Round "?"]
[White "Tripp, Glenn"]
[Black "Catania, Duane"]
[Result "1-0"]
[WhiteElo "2009"]
[BlackElo "1684"]

1. d4 e6 2. c4 b6 3. e4 Bb7 4. Bd3 Bb4+ 5. Bd2 Bxd2+ 6. Nxd2 f5 7. Ngf3 
fxe4 8. Nxe4 Nf6 9. Qc2 Nxe4 10. Bxe4 Bxe4 11. Qxe4 c6 12. O-O O-O 13. d5 
Re8 14. Rfe1 Na6 15. dxc6 Nc5 16. Qc2 dxc6 17. Rad1 Qc7 18. b4 Nb7 19. Ng5
g6 20. Nxe6 Qe7 21. Qc3 Qf7 22. Ng5 Rxe1+ 23. Rxe1 Qd7 24. Ne4 Qf5 25. c5 
Rf8 26. cxb6 Nd6 27. Qb3+ Kg7 28. Qb2+ 1-0

[Event "2015 NA Class B Ch Finals, S50189"]
[Site "CCLA"]
[Date "2015.04.27"]
[Round "?"]
[White "Jarmuz, Frederick"]
[Black "Catania, Duane"]
[Result "1-0"]
[WhiteElo "1945"]
[BlackElo "1684"]

1. d4 e6 2. c4 b6 3. e4 Bb7 4. Bd3 Bb4+ 5. Bd2 Bxd2+ 6. Nxd2 f5 7. Ngf3 
fxe4 8. Nxe4 Nf6 9. Qc2 Nc6 10. a3 Qe7 11. O-O O-O-O 12. Rac1 h6 13. d5 
Nb8 14. c5 Nxd5 15. Nd6+ 1-0

[Event "Premier Quad, S50289"]
[Site "CCLA"]
[Date "2015.07.20"]
[Round "?"]
[White "Disque, Philip"]
[Black "Evans, Stanley W."]
[Result "0-1"]
[WhiteElo "1614"]
[BlackElo "1834"]

1. Nf3 Nc6 2. d4 d6 3. c3 Nf6 4. e4 Bg4 5. Bd3 e5 6. d5 Ne7 7. O-O Ng6 8. 
Nbd2 Be7 9. Re1 O-O 10. Qb3 Rb8 11. a4 a5 12. c4 b6 13. Qc3 Nh5 14. g3 Qc8
15. Kh1 Nf6 16. Be2 Nd7 17. Ng1 Bxe2 18. Rxe2 Nc5 19. Nb3 f5 20. Nxc5 bxc5
21. Kg2 f4 22. Rb1 fxg3 23. hxg3 h5 24. b3 h4 25. Bd2 hxg3 26. Qxg3 Nf4+ 
27. Bxf4 Rxf4 28. Qh3 Rg4+ 29. Kf3 Qf8+ 0-1